Normal view
MARC view
Entry Personal Name
001 - CONTROL NUMBER
- control field: 1235703
003 - CONTROL NUMBER IDENTIFIER
- control field: OSt
005 - DATE AND TIME OF LATEST TRANSACTION
- control field: 20260424155610.0
008 - FIXED-LENGTH DATA ELEMENTS
- fixed length control field: 260424|| aca||aabn | a|a d
040 ## - CATALOGING SOURCE
- Original cataloging agency: OSt
- Transcribing agency: OSt
100 ## - HEADING--PERSONAL NAME
- Personal name: SWEEZY Paul M Ed
670 ## - SOURCE DATA FOUND
- Source citation: Work cat.: (OSt)574398: Bohm Bawerks Eugen Von 286557, Karl Marx and the close of his system & Bohm-Bawerk's criticism of Marx, 1949
